Parole "Vers le ciel" de Rebelle (disney) - Statistiques

Statistiques générales
  • Ce quiz a été pris 358 fois
  • Le résultat moyen est 110 sur 127
Statistiques - réponses
Hint Réponse % Correct
60 | 89 l'
99%
2 | 11 | 33 | +9 others le
98%
12 ciel
97%
38 | 48 | 104 | +2 others ciel.
97%
118 ciel,
97%
7 | 30 | 40 | +4 others m'
97%
3 | 34 | 44 | +2 others vent
97%
36 | 46 | 102 | +3 others vers
96%
13 d'
95%
6 | 18 | 35 | +3 others et
95%
26 | 49 | 92 | 115 Et
95%
27 | 29 | 93 | +3 others je
95%
39 | 69 | 105 Je
95%
75 en
94%
15 La
94%
24 | 51 | 82 la
94%
10 | 32 | 42 | +2 others dans
93%
98 Dans
93%
31 | 107 envole,
91%
41 | 121 | 124 envole
91%
97 envole.
91%
22 qu'
91%
19 me
90%
28 vole
90%
94 vole,
90%
21 ce
89%
23 | 84 est
89%
25 liberté.
89%
77 mon
89%
8 appelle,
87%
14 été.
86%
4 se
86%
56 de
84%
5 lève
84%
57 ma
84%
16 montagne
84%
52 forêt
83%
20 rappelle
83%
1 Quand
82%
53 profonde,
81%
59 vallée,
81%
58 belle
80%
17 chante
79%
54 au
77%
55 coeur
76%
61 eau
74%
9 sifflant
73%
90 aigle
70%
66 les
70%
62 claire
69%
78 destin.
69%
81 | 88 que
69%
79 Aussi
63%
86 aussi
63%
64 furibonde,
63%
83 nature
63%
85 grande,
61%
76 main
61%
74 prendre
61%
63 fuyante,
60%
71 entendre
59%
67 secrets
57%
91 brun.
56%
87 fière
56%
80 forte
55%
65 garde
54%
70 saurai
54%
73 légendes,
49%
68 passés.
49%
72 nos
32%
Aucun quiz correspondant
Distribution des résultats
% des personnes avec chaque résultat
Percentile par nombre de réponses
Votre historique - résultats
Vous n’avez pas pris ce quiz